000 00313pam a2200133 a 4500
020 _c
041 _h
082 _a750
_bHOS
100 _aRangit Hoskote .
245 _aPilgrim Exile Sorcerer
_hTextual Documents
260 _a[s.l]:
_bEminence Design Pvt,
_c1998.
300 _a180:
_bpaper.
930 _a4719
999 _c238509
_d238509